000 00486nam a2200181Ia 4500
008 090123s9999 xx 000 0 und d
082 _b38000
100 _aनाईक वसंत
245 _aफीनिक्स
250 _a0
260 _bअनघा प्रकाशन
_c2005
300 _a136
600 _aनाईक वसंत
630 _aफीनिक्स
700 _aनाईक वसंत
730 _aफीनिक्स
942 _cBOOK
999 _c76068
_d76068